| 000 | 01171cam a2200313 a 4500 | ||
|---|---|---|---|
| 001 | 15609833 | ||
| 003 | EG-ScBUE | ||
| 005 | 20250217101014.0 | ||
| 008 | 090203t2023 onca f b 001 0 eng d | ||
| 020 | _a9781774693841 (hardcover) | ||
| 040 |
_aDLC _beng _erda _cDLC _dYDXCP _dBTCTA _dUKM _dC#P _dDLC _dEG-ScBUE |
||
| 082 | 0 | 4 |
_a620.503 _222 _bENC |
| 245 | 0 | 0 |
_aEncyclopedia of nanotechnology / _cedited by Saeed Farrokhpay. |
| 264 | 1 |
_aBurlington, ON : _bArcler Press, _c[2023] |
|
| 264 | 4 | _cc2023 | |
| 300 |
_axx, 294 pages : _billustrations (some color) ; _c27 cm |
||
| 336 |
_2rdacontent _atext _btxt |
||
| 337 |
_2rdamedia _aunmediated _bn |
||
| 338 |
_2rdacarrier _avolume _bnc |
||
| 504 | _aIncludes bibliographical references and index. | ||
| 650 | 7 |
_aNanotechnology. _2BUEsh |
|
| 653 |
_cFebruary2025 _bPPhrm |
||
| 655 | _vReading book | ||
| 700 | 1 |
_aFarrokhpay, Saeed, _eeditor. |
|
| 906 |
_a7 _bcbc _corignew _d1 _eecip _f20 _gy-gencatlg |
||
| 942 |
_2ddc _cBB |
||
| 999 |
_c30898 _d30869 |
||